[Event "ROM-ch Rapid"]
[Site "Bucharest"]
[Date "2022.03.11"]
[Round "2"]
[White "Nastore, Pavel Alexandru"]
[Black "Groapa, Aurelian"]
[Result "1-0"]
[WhiteElo "2306"]
[BlackElo "1692"]
[PlyCount "75"]
[EventDate "2022.03.11"]
[EventType "swiss (rapid)"]
[EventRounds "9"]
[EventCountry "ROU"]
[SourceTitle "CBM 207 Extra"]
[Source "ChessBase"]
[SourceDate "2022.05.31"]
[SourceVersion "1"]
[SourceVersionDate "2022.05.31"]
[SourceQuality "1"]

1. e4 e5 2. Nf3 Nc6 3. Bb5 Nf6 4. 0-0 a6 5. Ba4 b5 6. Bb3 d6 7. Re1 Be7 8. c3 0-0 9. h3 Be6 10. Bc2 h6 11. d4 Bd7 12. Nbd2 Qc8 13. Nf1 Nh7 14. Ng3 b4 15. d5 Nd8 16. cxb4 c6 17. Bb3 cxd5 18. Bxd5 Rb8 19. a3 Ne6 20. Nf5 Qd8 21. Be3 Nf6 22. Ba7 Rc8 23. Bb7 Nf4 24. Bxc8 Bxc8 25. Be3 Bxf5 26. exf5 N6d5 27. Qd2 Qd7 28. Nxe5 dxe5 29. Bxf4 exf4 30. Rad1 Bf6 31. Qxd5 Qxd5 32. Rxd5 Bxb2 33. Ra5 Rd8 34. Rxa6 Rd3 35. b5 Bxa3 36. b6 Rb3 37. Rxa3 Rxa3 38. b7 1-0